| 000 | 00871nam a22002055i 4500 | ||
|---|---|---|---|
| 001 | 168963 | ||
| 003 | ES-MaACL | ||
| 005 | 20250730153549.0 | ||
| 008 | 080707s1994 sp |||| | spa d | ||
| 080 | _a910.4(7/8)"14" | ||
| 100 | 1 |
_aPérez de Tudela y Bueso, Juan, _d1922-2004 _990810 |
|
| 245 | 1 | 0 |
_aDescubrimiento de América y universalismo sacro-histórico / _cJuan Pérez de Tudela y Bueso. |
| 260 |
_a[Madrid] : _bReal Academia de la Historia, _c[1994?] |
||
| 300 |
_ap. [299]-419 ; _c24 cm. |
||
| 500 | _aSeparata del libro: II Congreso de Academias Iberoamericanas de la Historia. | ||
| 651 | 4 |
_aAmérica española- _xHistoria- _y1492-1600 (Descubrimiento y conquista) _97724 |
|
| 711 | 2 |
_aCongreso de Academias Iberoamericanas de la Historia ( _n2º. _d1992. _cMadrid) _9138085 |
|
| 852 |
_aES-MaACL _j2232-F-3 _9R.142408 |
||
| 999 |
_c168963 _d168963 |
||